ARRUPE JESUIT UNIVERSITY

CORONAVIRUS -STOP THE SPREAD - CLEAN,DISINFECT,COVER

Boesman and Lena and other plays (Record no. 30036)

MARC details
000 -LEADER
fixed length control field 00484nam a2200193Ia 4500
003 - CONTROL NUMBER IDENTIFIER
control field 0100
005 - DATE AND TIME OF LATEST TRANSACTION
control field 20181109124324.0
008 - FIXED-LENGTH DATA ELEMENTS--GENERAL INFORMATION
fixed length control field 130303s9999 xx 000 0 und d
020 ## - INTERNATIONAL STANDARD BOOK NUMBER
International Standard Book Number 0195701976
040 ## - CATALOGING SOURCE
Transcribing agency ARRUPELIB
050 ## - LIBRARY OF CONGRESS CALL NUMBER
Classification number PR9369.3.F8B6 1980
300 ## - PHYSICAL DESCRIPTION
Dimensions 20cm.
100 ## - MAIN ENTRY--PERSONAL NAME
Personal name Fugard, Athol
9 (RLIN) 10795
245 ## - TITLE STATEMENT
Title Boesman and Lena and other plays
Remainder of title the blood knot people are living there hello and goodbye Boesman and Lena
Statement of responsibility, etc Athol Fugard
260 ## - PUBLICATION, DISTRIBUTION, ETC. (IMPRINT)
Name of publisher, distributor, etc Oxford University Press
Place of publication, distribution, etc Cape town
Date of publication, distribution, etc 1980
300 ## - PHYSICAL DESCRIPTION
Extent 299p.
650 ## - SUBJECT ADDED ENTRY--TOPICAL TERM
Topical term following geographic name as entry element Balthasar, Hans Urs Von -- Bibliography
9 (RLIN) 43347
942 ## - ADDED ENTRY ELEMENTS (KOHA)
Source of classification or shelving scheme Library of Congress Classification
Koha item type Monograph ( Printed materials)
Holdings
Withdrawn status Lost status Source of classification or shelving scheme Damaged status Not for loan Collection code Home library Current library Shelving location Date acquired Total Checkouts Full call number Barcode Date last seen Copy number Price effective from Koha item type
    Library of Congress Classification     Main Collection ARRUPE LIBRARY ARRUPE LIBRARY Main Collection 04/03/2013   PR9369.3.F8 B6 1980 46003062416 04/03/2013 1 04/03/2013 Monograph ( Printed materials)
    Library of Congress Classification     Main Collection ARRUPE LIBRARY ARRUPE LIBRARY Main Collection 09/11/2018   PR9369.3.F8 B6 1980 46600002495 09/11/2018   09/11/2018 Monograph ( Printed materials)

 

Arrupe Library. PO Box MP320 Mt Pleasant, Harare, Zimbabwe
263 242 745411|librarian@aju.ac.zw